[Event "MVP-ch Seniors op 19th"]
[Site "Ostseebad Binz"]
[Date "2019.12.05"]
[Round "9"]
[White "Gerks, Joachim"]
[Black "Nuenchert, Reinhard"]
[Result "1/2-1/2"]
[WhiteElo "1755"]
[BlackElo "1938"]
[PlyCount "78"]
[EventDate "2019.11.27"]
[EventType "swiss"]
[EventRounds "9"]
[EventCountry "GER"]
[SourceTitle "EXT 2021"]
[Source "ChessBase"]
[SourceDate "2020.10.23"]
[SourceVersion "1"]
[SourceVersionDate "2020.10.23"]
[SourceQuality "1"]

1. e4 d6 2. b3 Nf6 3. d3 e5 4. h3 g6 5. Be3 Bg7 6. Qd2 0-0 7. Bh6 c6 8. Bxg7 Kxg7 9. Be2 Na6 10. c4 Nc5 11. Bf3 Ne6 12. Ne2 h6 13. g3 Rh8 14. Nbc3 Qe7 15. Rd1 Bd7 16. d4 Rad8 17. d5 Ng5 18. Bg2 cxd5 19. Nxd5 Nxd5 20. cxd5 f5 21. Nc3 Rhf8 22. h4 Nh7 23. Bh3 f4 24. Bxd7 Rxd7 25. 0-0 g5 26. hxg5 Qxg5 27. f3 Qxg3+ 28. Qg2 Qxg2+ 29. Kxg2 Rc8 30. Nb1 b5 31. Rc1 Rdc7 32. Rxc7+ Rxc7 33. Na3 a6 34. Rf2 Nf6 35. Rc2 Rxc2+ 36. Nxc2 a5 37. Na3 b4 38. Nc4 Nd7 39. Nxa5 Nc5 1/2-1/2

[Event "MVP-ch Seniors op 17th"]
[Site "Binz"]
[Date "2017.12.01"]
[Round "3.25"]
[White "Walther, Reinhard"]
[Black "Nuenchert, Reinhard"]
[Result "1-0"]
[WhiteElo "2051"]
[BlackElo "1935"]
[PlyCount "95"]
[EventDate "2017.11.29"]
[EventType "swiss"]
[EventRounds "9"]
[EventCountry "GER"]
[SourceTitle "EXT 2019"]
[Source "ChessBase"]
[SourceDate "2018.10.10"]
[SourceVersion "1"]
[SourceVersionDate "2018.10.10"]
[SourceQuality "1"]

1. d4 d5 2. Bf4 e6 3. e3 c5 4. c3 Nf6 5. Nd2 Nc6 6. Ngf3 Bd7 7. h4 Qb6 8. Qc2 Rc8 9. Rc1 cxd4 10. exd4 h6 11. Qb1 Ng4 12. Bg3 f5 13. Be2 Be7 14. 0-0 0-0 15. Bf4 Nf6 16. Ne5 Nxe5 17. Bxe5 Ne4 18. Nf3 Qd8 19. g3 g5 20. hxg5 hxg5 21. Qd3 a6 22. Kg2 g4 23. Nh2 Bg5 24. Rc2 Bb5 25. Qd1 Ba4 26. b3 Be8 27. c4 dxc4 28. Bxc4 Rxc4 29. Rxc4 Bc6 30. f3 Nd2 31. Rf2 Nxc4 32. bxc4 Kf7 33. Qd3 gxf3+ 34. Nxf3 Be4 35. Qb3 Qd7 36. Kg1 Bf6 37. Rh2 Ke8 38. Qe3 Bxf3 39. Qxf3 Bxe5 40. dxe5 Qd4+ 41. Kg2 Qb2+ 42. Qf2 Qxe5 43. Rh4 Qd6 44. Qe3 Qc6+ 45. Kf2 Kd7 46. Rh7+ Kd8 47. Qa7 Qc8 48. Rxb7 1-0

[Event "Miedzyzdroje OB Seniors 24th"]
[Site "Miedzyzdroje"]
[Date "2016.06.18"]
[Round "2"]
[White "Baumbach, Friedrich"]
[Black "Nuenchert, Reinhard"]
[Result "1-0"]
[WhiteElo "2193"]
[BlackElo "1957"]
[PlyCount "69"]
[EventDate "2016.06.17"]
[EventType "swiss"]
[EventRounds "9"]
[EventCountry "POL"]
[SourceTitle "EXT 2019"]
[Source "ChessBase"]
[SourceDate "2018.10.10"]
[SourceVersion "1"]
[SourceVersionDate "2018.10.10"]
[SourceQuality "1"]

1. d4 d5 2. c4 c6 3. Nf3 e6 4. e3 Nf6 5. Bd3 dxc4 6. Bxc4 b5 7. Bd3 a6 8. a4 Bb7 9. 0-0 Nbd7 10. Qe2 Be7 11. e4 0-0 12. Nbd2 Re8 13. e5 Nd5 14. Ne4 Nf8 15. Bd2 b4 16. Rac1 a5 17. Nc5 Bxc5 18. Rxc5 Nb6 19. b3 Nbd7 20. Rc2 Nb8 21. Be3 Ba6 22. Bxa6 Rxa6 23. Ng5 Qd5 24. Qd3 f6 25. exf6 gxf6 26. Rc5 Qd8 27. Ne4 Ra7 28. Bf4 e5 29. Qc4+ Kh8 30. dxe5 Nbd7 31. Rxc6 Nxe5 32. Bxe5 Rxe5 33. Nxf6 Rg7 34. Ng4 Reg5 35. h3 1-0

[Event "GER-chA Seniors 26th"]
[Site "Bad Neuenahr"]
[Date "2014.08.09"]
[Round "5"]
[White "Kierzek, Mira"]
[Black "Nuenchert, Reinhard"]
[Result "1/2-1/2"]
[WhiteElo "2024"]
[BlackElo "1937"]
[PlyCount "75"]
[EventDate "2014.08.05"]
[EventType "swiss"]
[EventRounds "9"]
[EventCountry "GER"]
[SourceTitle "EXT 2018"]
[Source "ChessBase"]
[SourceDate "2017.10.13"]
[SourceVersion "1"]
[SourceVersionDate "2017.10.13"]
[SourceQuality "1"]

1. d4 d5 2. c4 c6 3. Nf3 Nf6 4. Nc3 dxc4 5. a4 Bf5 6. e3 e6 7. Bxc4 Bb4 8. 0-0 0-0 9. Nh4 Bg6 10. Nxg6 hxg6 11. Qc2 Nbd7 12. Rd1 a5 13. e4 Nb6 14. Bb3 Qd7 15. h3 Rac8 16. Be3 Na8 17. Rac1 b6 18. Ne2 Rfe8 19. Ng3 Qb7 20. Qd3 Nc7 21. Rc2 Na6 22. Rdc1 Be7 23. Bd2 Nb4 24. Bxb4 Bxb4 25. Bc4 Rc7 26. Bb5 Rd8 27. Rxc6 Rxc6 28. Rxc6 Bc5 29. Ne2 Bxd4 30. Nxd4 e5 31. Qc4 Rxd4 32. Rc8+ Kh7 33. Rc7 Qxe4 34. Qxf7 Rd1+ 35. Bf1 Rxf1+ 36. Kxf1 Qb1+ 37. Ke2 Qxb2+ 38. Kd1 1/2-1/2

[Event "GER-chT Seniors 21st"]
[Site "Berlin"]
[Date "2012.09.15"]
[Round "6.56"]
[White "Krueger, Gerhard"]
[Black "Nuenchert, Reinhard"]
[Result "1-0"]
[WhiteElo "1882"]
[BlackElo "1894"]
[PlyCount "117"]
[EventDate "2012.09.10"]
[EventType "team-swiss"]
[EventRounds "7"]
[EventCountry "GER"]
[SourceTitle "CBM 150 Extra"]
[Source "ChessBase"]
[SourceDate "2012.10.19"]
[SourceVersion "1"]
[SourceVersionDate "2012.10.19"]
[SourceQuality "1"]
[WhiteTeam "Mecklenburg Vorpommern Seniors"]
[BlackTeam "Brandenburg II"]
[WhiteTeamCountry "GER"]
[BlackTeamCountry "GER"]

1. e4 e6 2. d4 d5 3. exd5 exd5 4. Bd3 Bd6 5. Nf3 Nf6 6. Qe2+ Qe7 7. Qxe7+ Bxe7 8. Bf4 c6 9. 0-0 0-0 10. Re1 Re8 11. h3 Nbd7 12. Nbd2 Nf8 13. Re2 Ne6 14. Bh2 Bd7 15. Rae1 Rad8 16. c3 c5 17. dxc5 Bxc5 18. Ne5 Re7 19. Nxd7 Nxd7 20. Kf1 a6 21. f4 Rde8 22. f5 Nef8 23. Nb3 Rxe2 24. Rxe2 Rxe2 25. Bxe2 Bb6 26. Bf3 Nf6 27. Ke2 N8d7 28. g4 g5 29. fxg6 hxg6 30. g5 Ne4 31. Bxe4 dxe4 32. Nd2 Nc5 33. Bg1 Kf8 34. Bd4 Ke7 35. b4 Na4 36. Bf6+ Ke6 37. Nxe4 Kd5 38. Nd2 Ke6 39. Kd3 Kf5 40. Nc4 Bc7 41. Ne3+ Ke6 42. c4 Nb6 43. Nc2 Be5 44. Bd8 Nd7 45. Nd4+ Bxd4 46. Kxd4 Ne5 47. b5 axb5 48. cxb5 Nd7 49. a4 b6 50. a5 bxa5 51. Bxa5 Kd6 52. Bd8 Nf8 53. Bf6 Ne6+ 54. Kc4 Nf4 55. Kb4 Nd5+ 56. Ka5 Kc7 57. Ka6 Kb8 58. Be5+ Ka8 59. Bd6 1-0

[Event "GER-ch Seniors-A 20th"]
[Site "Erfurt"]
[Date "2008.08.09"]
[Round "5"]
[White "Nuenchert, Reinhard"]
[Black "Sailer, Hans Peter"]
[Result "1/2-1/2"]
[WhiteElo "1842"]
[BlackElo "1850"]
[PlyCount "61"]
[EventDate "2008.08.05"]
[EventType "swiss"]
[EventRounds "9"]
[EventCountry "GER"]
[SourceTitle "CBM 126 Extra"]
[Source "ChessBase"]
[SourceDate "2008.11.05"]
[SourceVersion "1"]
[SourceVersionDate "2008.11.05"]
[SourceQuality "1"]

1. d4 Nf6 2. c4 e6 3. Nc3 Bb4 4. Qc2 0-0 5. a3 Bxc3+ 6. Qxc3 Ne4 7. Qc2 f5 8. e3 b6 9. Nf3 Bb7 10. h4 d6 11. b3 Nd7 12. Nd2 Ndf6 13. Nxe4 Nxe4 14. Be2 a5 15. Bf3 Qc8 16. Bb2 Ra7 17. 0-0-0 Qa8 18. Rhg1 Nf6 19. Bxb7 Qxb7 20. Qe2 b5 21. cxb5 a4 22. Qc4 d5 23. Qb4 axb3 24. f3 c6 25. Kb1 Qxb5 26. Qxb5 cxb5 27. Rc1 Rb8 28. Rc3 Ne8 29. Rxb3 Nd6 30. Rc1 Nc4 31. Rc2 1/2-1/2

[Event "GER-ch Seniors-A 20th"]
[Site "Erfurt"]
[Date "2008.08.06"]
[Round "2"]
[White "Hellwege, Werner"]
[Black "Nuenchert, Reinhard"]
[Result "1-0"]
[WhiteElo "1864"]
[BlackElo "1842"]
[PlyCount "92"]
[EventDate "2008.08.05"]
[EventType "swiss"]
[EventRounds "9"]
[EventCountry "GER"]
[SourceTitle "CBM 126 Extra"]
[Source "ChessBase"]
[SourceDate "2008.11.05"]
[SourceVersion "1"]
[SourceVersionDate "2008.11.05"]
[SourceQuality "1"]

1. d4 e6 2. c4 f5 3. g3 Nf6 4. Bg2 c6 5. Nc3 d5 6. Nf3 Ne4 7. 0-0 Be7 8. Nxe4 fxe4 9. Ne5 0-0 10. f3 exf3 11. exf3 Nd7 12. f4 Nxe5 13. dxe5 b5 14. cxb5 Qb6+ 15. Kh1 cxb5 16. Qb3 Bb7 17. Bd2 a5 18. Rac1 b4 19. Rfd1 Bc5 20. h3 a4 21. Qf3 Rac8 22. Kh2 Rc7 23. Qg4 Rf5 24. h4 g6 25. Bf1 Bg1+ 26. Kh3 Rxc1 27. Rxc1 Qd4 28. Qd1 Rf7 29. Bb5 Qf2 30. Qe2 Qxe2 31. Bxe2 Bd4 32. Bxb4 Bxb2 33. Rc2 a3 34. Bd6 d4 35. Bc4 Be4 36. Re2 Bf5+ 37. g4 d3 38. Rf2 Bd4 39. Rf1 Be4 40. Bxe6 d2 41. Bb3 Kg7 42. e6 Ra7 43. Rd1 Be3 44. e7 Bc6 45. Be5+ Kh6 46. Bd5 g5 1-0